Statistiques concernant Les sports préférés des Français

Cliquez ici pour prendre le quiz!

Statistiques générales

  • Ce quiz a été pris 267 fois
  • Le résultat moyen est 3 sur 5

Statistiques - réponses

Nombres de Français qui pratiquent le sportsport% Correct
2 135 193 licenciésle football
100%
1 018 72 licenciésle tennis
85%
330 000 licenciésle rugby
65%
316 90 licenciésla natation
56%
5 500 000 licenciésla randonnée
16%

Distribution des résultats

Percentile par nombre de réponses

% des personnes avec chaque résultat

Votre développement - résultats

Vous n’avez pas pris ce quiz